| 000 | 00766nam a22002297a 4500 | ||
|---|---|---|---|
| 003 | SEM | ||
| 999 |
_c71778 _d71778 |
||
| 005 | 20220608074855.0 | ||
| 008 | 210923s2019 au ||||gr|||||001|0 eng|d | ||
| 020 | _a9783950385168 | ||
| 040 |
_aSEM _cSEM |
||
| 041 | _aeng | ||
| 080 | _a347/C-70 | ||
| 100 | _aColeman, Paul ; Fischer, Meghan ; Elyssa, Koren | ||
| 245 |
_aThe global human rights landscape. _bA short guide to understanding the international organizations and the opportunities for engagement / _cP. Coleman, M. Fischer, E. Koren |
||
| 250 | _aSecond edition | ||
| 260 |
_aVienna : _bKairos publ., _c2019. |
||
| 300 |
_aXVII+257 p. ; _btables; _c21 cm |
||
| 504 | _aBibliogr. p.: 214-220; Endnotes p.: 222-257 | ||
| 650 | _aHuman rights | ||
| 653 | _aՍԷՄ | ||
| 942 |
_2udc _cBK |
||